Statistics for Santiago Metro Stations

Click here to take the quiz!

General Stats

  • This quiz has been taken 86 times
  • The average score is 92 of 126

Answer Stats

Answer% Correct
Baquedano
98%
La Moneda
98%
Los Dominicos
98%
Los Héroes
98%
Los Leones
98%
Santa Lucia
98%
Tobalaba
98%
Universidad Católica
98%
Universidad de Chile
98%
El Golf
95%
Estación Central
95%
Manquehue
95%
Manuel Montt
95%
Neptuno
95%
Pedro de Valdivia
95%
Salvador
95%
San Pablo
95%
Vicente Valdés
95%
Alcántara
93%
Ecuador
93%
Escuela Militar
93%
Hernando de Magallanes
93%
Pajaritos
93%
Unión Latinoamericana
93%
Universidad de Santiago
93%
Franklin
90%
Ñuble
90%
Nuñoa
90%
Príncipe de Gales
90%
Estadio Nacional
88%
Inés de Suárez
88%
La Cisterna
88%
Las Rejas
88%
Plaza de Maipú
88%
Plaza Egaña
88%
República
88%
San Alberto Hurtado
88%
Santa Isabel
88%
Irarrázaval
86%
Parque O'Higgins
86%
Plaza de Puente Alto
86%
Toesca
86%
Bellas Artes
83%
Cerrillos
83%
Parque Bustamante
83%
Plaza de Armas
83%
Vespucio Norte
83%
Fernando Castillo Velasco
81%
Hospitales
81%
San Joaquín
81%
Camino Agrícola
79%
Chile-España
79%
Colón
79%
Patronato
79%
Vicuña Mackenna
79%
Hospital Sótero del Río
76%
Santa Ana
76%
Bilbao
74%
Los Libertadores
74%
Los Orientales
74%
Cementerios
71%
Hospital El Pino
71%
Mirador
71%
Pedrero
71%
Plaza Quilicura
71%
Puente Cal y Canto
71%
Rodrigo de Araya
71%
Villa Frei
71%
Zapadores
71%
Bellavista de la Florida
69%
Carlos Valdovinos
69%
Ciudad del Niño
69%
Cumming
69%
Dorsal
69%
Einstein
69%
Los Presidentes
69%
Matta
69%
Simón Bolivar
69%
Monte Tabor
67%
San José de la Estrella
67%
San Miguel
67%
Departamental
64%
Lo Valledor
64%
Presidente Pedro Aguirre Cerda
64%
Rondizzoni
64%
San Ramón
64%
Trinidad
64%
Blanqueado
62%
Gruta de Lourdes
62%
Lo Ovalle
62%
Santa Julia
62%
Bío-Bío
60%
Del Sol
60%
Macul
60%
Parque Almagro
60%
Protectora de la Infancia
60%
Santa Rosa
60%
Elisa Correa
57%
Lo Prado
57%
Quinta Normal
57%
El Llano
55%
Grecia
55%
Las Torres
55%
Monseñor Eyzaguirre
55%
Pudahuel
55%
Santiago Bueras
55%
Ferrocarril
52%
La Granja
52%
Los Quillayes
52%
Plaza Chacabuco
52%
Rotonda Quilín
52%
Copa Lo Martínez
50%
Las Parcelas
50%
Rojas Magallanes
50%
Barrancas
48%
Cerro Blanco
48%
El Bosque
48%
Las Mercedes
48%
Vivaceta
45%
Conchalí
43%
Lo Vial
43%
Observatorio
43%
Lo Cruzat
38%
El Parrón
36%
Laguna Sur
33%
Cardenal Caro
31%

Score Distribution

Percentile by Number Answered

Percent of People with Each Score

Your Score History

You have not taken this quiz